| 000 | 00863nam a2200229 a 4500 | ||
|---|---|---|---|
| 003 | OSt | ||
| 005 | 20131008165553.0 | ||
| 008 | 131008s2006 ag ||||| |||| 00| 0 spa d | ||
| 040 | _cBiblioteca Medicina | ||
| 041 | _aspa | ||
| 082 | _bMINIST. DE SALUD 0410 | ||
| 110 |
_aMinisterio de Educacion, Ciencia y Tecnologia _92609 |
||
| 245 | 0 | 0 | _aExperiencias ganadoras del Premio Presidencial "Escuelas Solidarias". Programa Nacional Educacion Solidaria. Unidad de Programas Especiales |
| 250 | _a1ยบ ed. | ||
| 260 |
_aBuenos Aires _bMinisterio de Educacion de la Nacion _c2006 |
||
| 300 | _a86 p. | ||
| 653 | _aPROYECTOS COMUNITARIOS | ||
| 653 | _aESCUELAS-PROYECTOS COMUNITARIOS | ||
| 653 | _aEDUCACION SOLIDARIA | ||
| 942 |
_2ddc _cPH |
||
| 999 |
_c1772 _d1772 |
||
| 952 |
_40 _00 _bBFM _10 _oMINIST. DE SALUD 0410 _d2013-10-08 _tEj. 1 _8NFIC _70 _cCR _2ddc _yPH _aBFM |
||